000 00990nam2a2200229 4500
001 rc\2965453
005 20260315061321.0
035 _a(NLR Aleph) 007111883
090 _a13606251
_c13606251
100 _a20110905d1934 u y0rusy50 ca
101 0 _arus
102 _aRU
105 _ay z |||||
200 1 _aПолучение импульсных напряжений порядка 10 000 000 и выше
210 _d1934
461 0 _1001rc\2965442
_12001#$aˆ[‰Издания]$e1-$fСССР. НИС. НКТП. Всесоюз. электротехн. ассоциация$v54
_96776356
_aВсесоюзная электротехническая ассоциация
_c[Ленинград]
_d[1934]
_fСССР. НИС. НКТП. Всесоюз. электротехн. ассоциация
_nБ. и.
_o1-
_tˆ[‰Издания]
_v54
700 1 _aНьюман
_bМ.И.
801 0 _aRU
_bNLR
_gpsbo
801 1 _aRU
_bELAR
_2rusmarc
852 _aNLR
_j34-20/73
942 _cUNSPEC
980 _aNB